Quips, quotes and quanta (Record no. 17162)

MARC details
000 -LEADER
fixed length control field 00574nam a2200181Ia 4500
003 - CONTROL NUMBER IDENTIFIER
control field IN-BaIIA
008 - FIXED-LENGTH DATA ELEMENTS--GENERAL INFORMATION
fixed length control field 211028s9999 xx 000 0 eng d
020 ## - INTERNATIONAL STANDARD BOOK NUMBER
International Standard Book Number 978-981-270-920-2
040 ## - CATALOGING SOURCE
Transcribing agency IIA Library
080 ## - UNIVERSAL DECIMAL CLASSIFICATION NUMBER
Universal Decimal Classification number 530.1:930
Item number CAP
100 ## - MAIN ENTRY--PERSONAL NAME
Personal name Capri, Anton Z
9 (RLIN) 27010
245 #0 - TITLE STATEMENT
Title Quips, quotes and quanta
Remainder of title an anecdotal history of physics
Statement of responsibility, etc. Anton Z Capri
260 ## - PUBLICATION, DISTRIBUTION, ETC.
Place of publication, distribution, etc. New Jersey
Name of publisher, distributor, etc. World Scientific
Date of publication, distribution, etc. 2007
300 ## - PHYSICAL DESCRIPTION
Extent ix, 198p.
650 ## - SUBJECT ADDED ENTRY--TOPICAL TERM
Topical term or geographic name entry element Physics - anecdotes
9 (RLIN) 32343
650 ## - SUBJECT ADDED ENTRY--TOPICAL TERM
Topical term or geographic name entry element Physics - history
9 (RLIN) 2469
942 ## - ADDED ENTRY ELEMENTS (KOHA)
Koha item type Books
Holdings
Withdrawn status Lost status Damaged status Not for loan Home library Current library Shelving location Date acquired Source of acquisition Cost, normal purchase price Total Checkouts Full call number Barcode Date last seen Cost, replacement price Price effective from Koha item type Purchase Price
        IIA Library-Bangalore IIA Library-Bangalore General Stacks 09/01/2009 INT 6068.00   530.1:930/ CAP 18084 05/11/2021 6068.00 09/01/2009 Books Rs. 6068.00

Powered by Koha